Detalles MARC
| 000 -CABECERA |
| campo de control de longitud fija |
00928nam a2200253 a 4500 |
| 001 - NÚMERO DE CONTROL |
| campo de control |
000031028 |
| 003 - IDENTIFICADOR DEL NÚMERO DE CONTROL |
| campo de control |
OSt |
| 005 - FECHA Y HORA DE LA ÚLTIMA TRANSACCIÓN |
| campo de control |
20250723150125.0 |
| 007 - CAMPO FIJO DE DESCRIPCIÓN FÍSICA--INFORMACIÓN GENERAL |
| campo de control de longitud fija |
ta |
| 008 - DATOS DE LONGITUD FIJA--INFORMACIÓN GENERAL |
| campo de control de longitud fija |
090925s1946 dr 001 m spa d |
| 040 ## - FUENTE DE LA CATALOGACIÓN |
| Centro catalogador/agencia de origen |
DO-SdBNP |
| Lengua de catalogación |
spa |
| Centro/agencia transcriptor |
BNPHU |
| 082 74 - NÚMERO DE LA CLASIFICACIÓN DECIMAL DEWEY |
| Número de clasificación |
868.3 |
| Número de documento/Ítem |
P971m |
| Número de edición |
22 |
| 100 1# - ENTRADA PRINCIPAL--NOMBRE DE PERSONA |
| Nombre de persona |
Prud Homme, Emilio, |
| Fechas asociadas al nombre |
1826-1932 |
| 9 (RLIN) |
23704 |
| 245 10 - MENCIÓN DE TÍTULO |
| Título |
Mi libro azul / |
| Mención de responsabilidad, etc. |
Emilio Prud Homme. |
| 260 ## - PUBLICACIÓN, DISTRIBUCIÓN, ETC. |
| Lugar de publicación, distribución, etc. |
Santigo, República Dominicana : |
| Nombre del editor, distribuidor, etc. |
El Diario, |
| Fecha de publicación, distribución, etc. |
1946. |
| 300 ## - DESCRIPCIÓN FÍSICA |
| Extensión |
190 p. ; |
| Dimensiones |
24 cm. |
| 505 0# - NOTA DE CONTENIDO CON FORMATO |
| Información miscelánea |
Introducción -- |
| Título |
Autografía -- |
| -- |
Himmno Nacional -- |
| -- |
Literatura -- |
| -- |
Cuestiones jurídicas -- |
| -- |
Epistolario -- |
| -- |
Homenajes -- |
| -- |
Muerte -- |
| -- |
Grabados -- |
| 650 #0 - PUNTO DE ACCESO ADICIONAL DE MATERIA--TÉRMINO DE MATERIA |
| Término de materia o nombre geográfico como elemento de entrada |
Prosa dominicana |
| 9 (RLIN) |
12146 |
| 650 #0 - PUNTO DE ACCESO ADICIONAL DE MATERIA--TÉRMINO DE MATERIA |
| Término de materia o nombre geográfico como elemento de entrada |
Literatura dominicana. |
| 9 (RLIN) |
67 |
| 650 #4 - PUNTO DE ACCESO ADICIONAL DE MATERIA--TÉRMINO DE MATERIA |
| Término de materia o nombre geográfico como elemento de entrada |
Himnos patrióticos dominicanos |
| 9 (RLIN) |
2512 |
| 650 #4 - PUNTO DE ACCESO ADICIONAL DE MATERIA--TÉRMINO DE MATERIA |
| Término de materia o nombre geográfico como elemento de entrada |
Intelectuales |
| Subdivisión geográfica |
República Dominicana |
| Subdivisión general |
Ensayos, conferencias, etc. |
| 9 (RLIN) |
23705 |
| 910 ## - DATOS DE OPCIÓN DEL USUARIO (OCLC) |
| Datos de opción del usuario |
Validado. Control de calidad |
| 942 ## - ELEMENTOS DE PUNTO DE ACCESO ADICIONAL (KOHA) |
| Fuente del sistema de clasificación o colocación |
Dewey Decimal Classification |
| Tipo de ítem Koha |
Libro |